000 00954 a2200217 4500
001 57002
005 20260407155832.0
008 260407a1978 arg spa d
003 AR-UNSa-BCEJYS
040 _aAR-UNSa-BCEJYS
_bspa
_cAR-UNSa-BCEJYS
080 _a657.474
_xTratamiento de los costos
245 1 0 _aThe principles of practical cost-benefit analysis
020 _a0-19-877041-3
264 1 _aOxford :
_bOxford University Press
_c1978
300 _a275 p.,
_c23 cm.
505 _a1. Some difficulties in the existing theory of externalities - 2. Coase and all that - 3. More on why government? - 4. The poor - 5. The legacy of Bismarck - 6. Some biological problems - 7. The rich - 8. A survey of the existing system - 9. Rent seeking - 10. War - 11. Monarchies and dictatorships - 12. What, if anything, should we do?
942 _cBK
590 _aniveau_biblio:m niveau_hierar:0
100 1 _aSugden, Robert
700 1 _aWilliams, Alan
999 _c6090
_d6090